Los muñecos de Iñigo y Begoña / (Record no. 177453)

MARC details
000 -CABECERA
campo de control de longitud fija 00853nam a2200253 u 4500
005 - FECHA Y HORA DE LA ÚLTIMA TRANSACCIÓN
campo de control 20240924071309.0
008 - ELEMENTOS DE LONGITUD FIJA--INFORMACIÓN GENERAL
campo de control de longitud fija 150824s2005 es r 000 0 spa d
020 ## - NÚMERO INTERNACIONAL NORMALIZADO PARA LIBROS
Número Internacional Estándar del Libro 8431648678
035 ## - NÚMERO DE CONTROL DEL SISTEMA
Número de control de sistema UPN01000205352
049 ## - COLECCIÓN
Colección I
050 #4 - SIGNATURA TOPOGRÁFICA DE LA BIBLIOTECA DEL CONGRESO
Número de clasificación PZ74.9
Número de documento/Ítem R6.58
100 1# - ASIENTO PRINCIPAL--NOMBRE PERSONAL
Nombre de persona Rodríguez Jordana, Carmen
9 (RLIN) 37943
245 14 - MENCIÓN DE TÍTULO
Título Los muñecos de Iñigo y Begoña /
Mención de responsabilidad, etc. Carmen Rodríguez Jordana, Ana Fernández Buñuel.
260 ## - PUBLICACIÓN, DISTRIBUCIÓN, ETC.
Lugar de publicación, distribución, etc. Barcelon, Esp. :
Nombre del editor, distribuidor, etc. Vicens Vives,
Fecha de publicación, distribución, etc. 2005.
300 ## - DESCRIPCIÓN FÍSICA
Extensión 23 p. :
Otras características físicas il. col.
440 #0 - MENCIÓN DE SERIE/ASIENTO SECUNDARIO--TÍTULO
Título Cuentos de apoyo a la lectura y escritura ;
Designación de volumen o secuencia 16
500 ## - NOTA GENERAL
Nota general "En este cuento se trabaja la letra Ñ"
650 #4 - ASIENTO SECUNDARIO DE MATERIA - TERMINO TEMATICO
Término de materia o nombre geográfico como elemento de entrada Literatura infantil
9 (RLIN) 4445
650 #4 - ASIENTO SECUNDARIO DE MATERIA - TERMINO TEMATICO
Término de materia o nombre geográfico como elemento de entrada MUÑECAS (JUGUETES)
9 (RLIN) 7399
650 #7 - ASIENTO SECUNDARIO DE MATERIA - TERMINO TEMATICO
Término de materia o nombre geográfico como elemento de entrada Juguetes
Subdivisión de forma Cuentos y leyendas
Fuente del encabezamiento o término
9 (RLIN) 22474
700 1# - ASIENTO SECUNDARIO--NOMBRE DE PERSONAL
Nombre de persona Fernández Buñuel, Ana,
Término indicativo de función/relación coaut.
9 (RLIN) 42857
905 ## - TIPO DE MATERIAL
Tipo de material Infantil
Holdings
Estado de retiro Estado de pérdida Fuente del sistema de clasificación o colocación Estado dañado No para préstamo Código de colección Localización permanente Ubicación/localización actual Ubicación en estantería Fecha de adquisición Clasificación Código de barras Fecha visto por última vez Número de copia Tipo de ítem Koha
    Library of Congress Classification     Infantil Bib. Gregorio Torres Quintero Bib. Gregorio Torres Quintero Sala infantil Planta baja 10/05/2023 PZ74.9 R6.58 305980 31/12/2020 1 Libro